| 000 | 00922nas a2200301 4500 | ||
|---|---|---|---|
| 001 | BR9604983 | ||
| 003 | BR-BrBNA | ||
| 005 | 20231205095819.0 | ||
| 007 | ta | ||
| 008 | 230509b bl.|||p| |||| 00| 00por d | ||
| 040 |
_aBR-BrBNA _bpor _cBiblioteca Nacional de Agricultura |
||
| 041 | _a(Pt) | ||
| 072 | _aH20 | ||
| 100 | 1 | _aMichereff Filho, M. | |
| 100 | 1 | _aSilva, E.B. | |
| 100 | 1 | _aAndrade, D.E.G.T. | |
| 100 | 1 | _aAntunes Sobrinho, S. | |
| 100 | 1 | _aNoronha, M.A. | |
| 100 | 1 | _aMariano, R.L.R. | |
| 245 | 1 | _aInfluencia de tipos de solo do estado de Pernambuco na intensidade da doenca induzida por Rhizoctonia solani em feijoeiro | |
| 650 | _aFeijao | ||
| 650 | _aQueima da Saia | ||
| 650 | _aSolo | ||
| 650 | _aPernambuco | ||
| 773 | 0 |
_tFitopatologia Brasileira (Brazil) _xISSN 0100-4158 _g(Mar 1996), v. 21(1) p. 19-25 _wBR9604983 |
|
| 909 |
_a202311 _bLúcia _c55 _dLúcia Elande |
||
| 942 |
_2AGRIS _n0 _cANA |
||
| 999 |
_c152850 _d152850 |
||